Pays qui utilisent la roupie - Mort subite - Statistiques

Statistiques générales
  • Ce quiz a été pris 479 fois
    446 depuis la dernière actualisation
  • Le résultat moyen est 3 sur 8
Answers on the Grid
Answers color-coded by a green-red scale on the quiz's grid according to % correct below.
Inde
Timor oriental
Maurice
Népal
Seychelles
Sri Lanka
Pakistan
Zanzibar
Afrique du Sud
Kenya
Bhoutan
Bangladesh
Singapour
Maldives
Indonésie
Madagascar
Tanzanie
Birmanie
Suriname
Comores
 
Statistiques - réponses
Réponse % Correct
Inde
82%
Sri Lanka
46%
Pakistan
36%
Népal
29%
Indonésie
25%
Maldives
18%
Maurice
18%
Seychelles
14%
Aucun quiz correspondant
Distribution des résultats
% des personnes avec chaque résultat
Percentile par nombre de réponses
Votre historique - résultats
Vous n’avez pas pris ce quiz depuis la dernière actualisation